Cars ! : (Record no. 3763)
[ view plain ]
| 000 -LEADER | |
|---|---|
| fixed length control field | 00767nam a22002657a 4500 |
| 001 - CONTROL NUMBER | |
| control field | 3763 |
| 003 - CONTROL NUMBER IDENTIFIER | |
| control field | FISKH |
| 005 - DATE AND TIME OF LATEST TRANSACTION | |
| control field | 20240430155924.0 |
| 008 - FIXED-LENGTH DATA ELEMENTS--GENERAL INFORMATION | |
| fixed length control field | 240430b cb ||||| |||| 00| 0 eng d |
| 020 ## - INTERNATIONAL STANDARD BOOK NUMBER | |
| International Standard Book Number | 9781617418761 |
| 040 ## - CATALOGING SOURCE | |
| Original cataloging agency | FISKH |
| Language of cataloging | eng |
| Transcribing agency | FISKH |
| Modifying agency | FISKH |
| 050 ## - LIBRARY OF CONGRESS CALL NUMBER | |
| Classification number | TL236.R34 |
| 082 ## - DEWEY DECIMAL CLASSIFICATION NUMBER | |
| Classification number | 629.222 |
| 100 ## - MAIN ENTRY--PERSONAL NAME | |
| Personal name | Reasoner , Charles |
| Relator term | author |
| 245 ## - TITLE STATEMENT | |
| Title | Cars ! : |
| Remainder of title | Big busy machines / |
| Statement of responsibility, etc. | Charles Reasoner |
| 300 ## - PHYSICAL DESCRIPTION | |
| Extent | 8 unnumbered pages : |
| Other physical details | color illustrations ; |
| Dimensions | 14 cm . |
| 490 ## - SERIES STATEMENT | |
| Series statement | Little Bridle Books |
| 505 ## - FORMATTED CONTENTS NOTE | |
| Formatted contents note | D <br/> |
| 520 ## - SUMMARY, ETC. | |
| Summary, etc. | Come along with car as he spends the day at work . |
| 521 8# - TARGET AUDIENCE NOTE | |
| Target audience note | 160 <br/> |
| Source | Lexile estimate <br/> |
| 521 8# - TARGET AUDIENCE NOTE | |
| Target audience note | D <br/> |
| Source | Raz-Plus <br/> |
| 650 ## - SUBJECT ADDED ENTRY--TOPICAL TERM | |
| Topical term or geographic name entry element | Transportation |
| Form subdivision | Fiction |
| 942 ## - ADDED ENTRY ELEMENTS (KOHA) | |
| Source of classification or shelving scheme | Dewey Decimal Classification |
| Koha item type | Books |
| Suppress in OPAC | No |
| Withdrawn status | Lost status | Source of classification or shelving scheme | Damaged status | Not for loan | Collection | Home library | Current library | Shelving location | Date acquired | Total Checkouts | Full call number | Barcode | Date last seen | Price effective from | Koha item type |
|---|---|---|---|---|---|---|---|---|---|---|---|---|---|---|---|
| Dewey Decimal Classification | Juvenile Fiction | Footprints International School Library Network Toul Kork Campus | Footprints International School Library Network Toul Kork Campus | 04/30/2024 | REA 629.222 TL236.R34 | 2024-0552 | 04/30/2024 | 04/30/2024 | Books |
